Electricity : (Record no. 180762)

000 -LEADER
fixed length control field 01065 a2200205 4500
003 - CONTROL NUMBER IDENTIFIER
control field NUST
005 - DATE AND TIME OF LATEST TRANSACTION
control field 20221201132918.0
010 ## - LIBRARY OF CONGRESS CONTROL NUMBER
LC control number 78026824
020 ## - INTERNATIONAL STANDARD BOOK NUMBER
International Standard Book Number 0070217041
040 ## - CATALOGING SOURCE
Transcribing agency Nust
082 00 - DEWEY DECIMAL CLASSIFICATION NUMBER
Classification number 537,FOW
100 1# - MAIN ENTRY--PERSONAL NAME
Personal name Fowler, Richard J.
9 (RLIN) 59731
245 10 - TITLE STATEMENT
Title Electricity :
Remainder of title principles and applications /
Statement of responsibility, etc. Richard J. Fowler.
260 ## - PUBLICATION, DISTRIBUTION, ETC.
Place of publication, distribution, etc. New York :
Name of publisher, distributor, etc. McGraw-Hill, Gregg Division,
Date of publication, distribution, etc. c1979.
300 ## - PHYSICAL DESCRIPTION
Extent xiv, 322 p. :
Other physical details ill. ;
Dimensions 29 cm.
440 #0 - SERIES STATEMENT/ADDED ENTRY--TITLE
Title Basic skills in electricity and electronics
9 (RLIN) 94578
505 ## - FORMATTED CONTENTS NOTE
Formatted contents note Basic Concepts (Page-1), Electrical Quantities and Units (Page-12), Basic Circuits, Laws, and Measurements (Page-33), Circuit Components (Page-53), Multiple-Load Circuits (Page-87), Magnetism and Electromagnetism (Page-110), Basic Measurement Instrument (Page-130), Alternating Current and Voltage (Page-146), Power in AC Circuits (Page-167), Inductance (Page-167), Transformers (Page-202), Capacitance (Page-227), R,C, and L Circuits (Page-256), AC Measurement (Page-285).
650 #0 - SUBJECT ADDED ENTRY--TOPICAL TERM
Topical term or geographic name entry element Electricity.
9 (RLIN) 39895
942 ## - ADDED ENTRY ELEMENTS (KOHA)
Source of classification or shelving scheme
Koha item type Book
Call number prefix 537,FOW
Holdings
Withdrawn status Lost status Source of classification or shelving scheme Damaged status Not for loan Permanent Location Current Location Shelving location Date acquired Total Checkouts Total Renewals Full call number Barcode Date last seen Date last checked out Price effective from Koha item type Public note
          Military College of Signals (MCS) Military College of Signals (MCS) General Stacks 12/12/2016 1 1 537,FOW MCS5920 01/02/2025 12/20/2024 12/12/2016 Book Almirah No.16, Shelf No.4
© 2023 Central Library, National University of Sciences and Technology. All Rights Reserved.